01479 2200301 4500001002100000005001500021035002000036007000300056008004100059020002200100082001200122084002100134100002900155245015000184250002600334300004400360650003000404700002800434700003500462700003400497520048600531740003901017264003101056336002101087337003001108338002301138990001601161INLIS00000000004289020210808093215 a0010-0821000101ta210808 e 0 ind  a978-623-6083-01-7 a914.891 aSR 914.891 SOD h1 aSoderberg, Marie Tourell1 aHygge :bseni hidup bahagia orang denmark /cMarie Tourell Soderberg; penerjemah, Meda Satrio; penyunting, Luqman Hakim Arifin, Ratih Ramadyawati aCetakan I, Maret 2021 a244 halaman :bilustrasi ;c21 x 14 cm. 4aKehidupan SosialzDenmark0 aMeda Satrioepenerjemah0 aLuqman Hakim Arifinpenyunting0 aRatih Ramadyawatiepenyunting aSebuah konsep hidup Skandinavia yang dilafalkan sebagai ‘huu-ga’, menjadikan Denmark bangsa yang paling bahagia di muka bumi. Tanpa padanan kata dalam bahasa Inggris, Hygge menggambarkan perasaan yang muncul dengan sendirinya. Misalnya ketika berjalan-jalan di taman bersama adik, membaca buku yang menarik di tempat favorit. Atau ketika kita berbagi makanan dengan teman baik. Namun sayangnya, tidak semua orang tahu cara menemukan waktu yang tepat untuk momen-momen tersebut. aHyyge: the danish art of happiness aJakarta :bRenebook,c2021 2rdacontentateks 2rdamediaatanpa perantara 2rdacarrieravolume a47745.60565